Sosabravo de hoy (Record no. 10965)
[ view plain ]
| 000 -CABECERA | |
|---|---|
| campo de control de longitud fija | 01136nam a22003137a 4500 |
| 001 - NÚMERO DE CONTROL | |
| campo de control | BRCA_9343 |
| 003 - IDENTIFICADOR DEL NÚMERO DE CONTROL | |
| campo de control | FranzMayer |
| 005 - FECHA Y HORA DE LA ÚLTIMA TRANSACCIÓN | |
| campo de control | 20230918121225.0 |
| 008 - DATOS DE LONGITUD FIJA--INFORMACIÓN GENERAL | |
| campo de control de longitud fija | 230825b |||||||| |||| 00| 0 eng d |
| 040 ## - FUENTE DE LA CATALOGACIÓN | |
| Centro catalogador/agencia de origen | MFM |
| Lengua de catalogación | esp |
| Centro/agencia transcriptor | MFM |
| 050 #0 - SIGNATURA TOPOGRÁFICA DE LA BIBLIOTECA DEL CONGRESO | |
| Número de clasificación | N660.5.S67 |
| Número de documento/Ítem | .N33 2005 |
| 110 1# - ENTRADA PRINCIPAL--NOMBRE DE ENTIDAD CORPORATIVA | |
| Código de función/relación | Responsable |
| Nombre de entidad corporativa o nombre de jurisdicción como elemento de entrada | Museo Nacional de Bellas Artes |
| 9 (RLIN) | 29227 |
| 240 ## - TÍTULO UNIFORME | |
| Título uniforme | Sosabravo de hoy |
| Lenguaje de la obra | Inglés/Español |
| 245 0# - MENCIÓN DE TÍTULO | |
| Título | Sosabravo de hoy |
| 260 ## - PUBLICACIÓN, DISTRIBUCIÓN, ETC. | |
| Lugar de publicación, distribución, etc. | Cuba |
| Nombre del editor, distribuidor, etc. | Ediciones Portón Caribe |
| Fecha de publicación, distribución, etc. | 2005 |
| 300 ## - DESCRIPCIÓN FÍSICA | |
| Extensión | 62 p |
| Otras características físicas | Ilustraciones a color |
| Dimensiones | 22 cm |
| 500 ## - NOTA GENERAL | |
| Nota general | Anexo 1 |
| 500 ## - NOTA GENERAL | |
| Nota general | El libro contiene una dedicatorio del autor para el museo |
| 500 ## - NOTA GENERAL | |
| Nota general | El libro no cuenta con ISBN |
| 505 ## - NOTA DE CONTENIDO CON FORMATO | |
| Nota de contenido con formato | Texto en: inglés y españolDirigido a: artistas, historiadores de arte. |
| 650 1# - PUNTO DE ACCESO ADICIONAL DE MATERIA--TÉRMINO DE MATERIA | |
| Fuente del encabezamiento o término | Artes visuales |
| Término de materia o nombre geográfico como elemento de entrada | Historia |
| Subdivisión de forma | America |
| 9 (RLIN) | 29228 |
| 651 2# - PUNTO DE ACCESO ADICIONAL DE MATERIA--NOMBRE GEOGRÁFICO | |
| Fuente del encabezamiento o término | Arte latinoamericano |
| Nombre geográfico | Cuba |
| Subdivisión de forma | Sosabravo |
| 9 (RLIN) | 29229 |
| 700 1# - PUNTO DE ACCESO ADICIONAL--NOMBRE DE PERSONA | |
| Código de función/relación | Textos |
| Nombre de persona | Montero, Hortensia |
| 9 (RLIN) | 29230 |
| 700 1# - PUNTO DE ACCESO ADICIONAL--NOMBRE DE PERSONA | |
| Código de función/relación | Textos |
| Nombre de persona | Rio Fitzsimmons, Liana |
| 9 (RLIN) | 29231 |
| 700 1# - PUNTO DE ACCESO ADICIONAL--NOMBRE DE PERSONA | |
| Código de función/relación | Trad. |
| Nombre de persona | Sigarroa, Olimpia |
| 9 (RLIN) | 29232 |
| 700 1# - PUNTO DE ACCESO ADICIONAL--NOMBRE DE PERSONA | |
| Código de función/relación | Foto |
| Nombre de persona | Elías, Ricardo |
| 9 (RLIN) | 29233 |
| 700 1# - PUNTO DE ACCESO ADICIONAL--NOMBRE DE PERSONA | |
| Código de función/relación | Dise |
| Nombre de persona | Fernández Cáceres, Gonzalo |
| 9 (RLIN) | 29234 |
| 942 ## - ELEMENTOS DE PUNTO DE ACCESO ADICIONAL (KOHA) | |
| Fuente del sistema de clasificación o colocación | Library of Congress Classification |
| Tipo de ítem Koha | Libros |
| Estado de retiro | Estado de pérdida | Fuente del sistema de clasificación o colocación | Estado dañado | No para préstamo | Código de colección | Localización permanente | Ubicación/localización actual | Fecha de adquisición | Total de préstamos | Signatura topográfica completa | Código de barras | Fecha visto por última vez | Precio válido a partir de | Tipo de ítem Koha |
|---|---|---|---|---|---|---|---|---|---|---|---|---|---|---|
| El ejemplar forma parte de la colección y puede ser consultado según las políticas vigentes. | Library of Congress Classification | Fondo Contemporáneo | Biblioteca del Museo Franz Mayer (Rogerio Casas-Alatriste) | Biblioteca del Museo Franz Mayer (Rogerio Casas-Alatriste) | 25/08/2023 | N660.5.S67 .N33 2005 | CONT10099 | 25/08/2023 | 25/08/2023 | Libros |